UM Logo

Cruise tourism / (Record no. 17638)

MARC details
000 -LEADER
fixed length control field 00779nam a2200205 4500
008 - FIXED-LENGTH DATA ELEMENTS--GENERAL INFORMATION
fixed length control field 221118b ||||| |||| 00| 0 eng d
020 ## - INTERNATIONAL STANDARD BOOK NUMBER
International Standard Book Number 9786218179752
082 ## - DEWEY DECIMAL CLASSIFICATION NUMBER
Edition number 2021
Classification number DFil 387.5
Item number V839
100 ## - MAIN ENTRY--PERSONAL NAME
Personal name Vizconde, Angelie Marie L.
9 (RLIN) 46805
245 ## - TITLE STATEMENT
Title Cruise tourism /
Statement of responsibility, etc. Angelie Marie L. Vizconde, Sharill T. Victoriano and Irene B. Francia.
260 ## - PUBLICATION, DISTRIBUTION, ETC. (IMPRINT)
Place of publication, distribution, etc. Manila :
Name of publisher, distributor, etc. Edric Publishing House,
Date of publication, distribution, etc. ©2021.
300 ## - PHYSICAL DESCRIPTION
Extent 117 pages :
Other physical details illustrations ;
Dimensions 25 cm.
500 ## - GENERAL NOTE
General note Includes glossary and Includes bibliographical references.
650 ## - SUBJECT ADDED ENTRY--TOPICAL TERM
Topical term or geographic name as entry element Ocean travel.
9 (RLIN) 158
650 ## - SUBJECT ADDED ENTRY--TOPICAL TERM
Topical term or geographic name as entry element Cruise lines.
9 (RLIN) 39961
700 ## - ADDED ENTRY--PERSONAL NAME
Personal name Victoriano, Sharill T.,
Relator term author.
9 (RLIN) 46769
700 ## - ADDED ENTRY--PERSONAL NAME
Personal name Francia, Irene B.,
Relator term author.
9 (RLIN) 46848
700 ## - ADDED ENTRY--PERSONAL NAME
Personal name Francia, Irene B.
Relator term author.
9 (RLIN) 46849
942 ## - ADDED ENTRY ELEMENTS (KOHA)
Source of classification or shelving scheme Dewey Decimal Classification
Koha item type Filipiniana
Holdings
Withdrawn status Lost status Source of classification or shelving scheme Damaged status Not for loan Collection code Home library Current library Shelving location Date acquired Source of acquisition Cost, normal purchase price Total Checkouts Full call number Barcode Date last seen Date last checked out Price effective from Koha item type
    Dewey Decimal Classification     Filipiniana UM Digos College - LIC UM Digos College - LIC Book Cart 08/16/2022 Purchased 776.00 1 DFil 387.5 V839 2021 27143 10/28/2025 10/20/2025 11/18/2022 Filipiniana